| 000 | 00685nam a2200217Ia 4500 | ||
|---|---|---|---|
| 001 | b631-24027 [2848] | ||
| 003 | IT-MiCISF | ||
| 008 | 161014s9999||||xx |||||||||||||| ||und|| | ||
| 040 |
_aIT-MiCISF _cIT-MiCISF |
||
| 041 | _aen | ||
| 100 | _aRipple Paula | ||
| 240 | _aThe Pain and the Possibility | ||
| 245 | 4 |
_aThe Pain and the Possibility _bDivorce and Separation Among Catholics |
|
| 250 | _a1a ed. | ||
| 260 |
_a Notre Dame (Indiana) _bAve Maria Press _c1978 |
||
| 300 | _app. 143 | ||
| 500 | _a / divorzio, mediazione, matrimonio, cristianesimo, relazione-di-coppia, pastorale-situazioni-difficili / | ||
| 650 | _adivorzio | ||
| 942 | _cBK | ||
| 957 | _71 | ||
| 999 |
_a24027 _bsi _g1 _c210744 _d210744 |
||